000 00597 a2200181 4500
999 _c8424
_d8424
010 _aENG-88451
020 _a8189652567
_c695.00
035 _aEN-71984
037 _bDBAD / PUB
082 1 4 _a658.4038
100 _aSaxena, Girish
245 1 _aOutsourcing information/
_cby Girish Saxena
260 _aDelhi
_bVista International Publishing House
_c2006
270 _aV-196, Near Shiv Sadhna Mandir, C-11, Yamuna Vihar,
_cDelhi
_e110 053
300 _avii, 293p.
_c22cm (Hb)
500 _aIncludes bibliographical references and index
942 _adpl
_cEN
_2ddc
_h658.4038
_mSAX